| 000 | 00415nam a2200121Ia 4500 | ||
|---|---|---|---|
| 008 | 171212s9999 xx 000 0 und d | ||
| 020 | _a9780833085726 | ||
| 100 | _aJones, Seth G. | ||
| 245 |
_cJones, Seth G. _aA Persistent Threat _bThe Evolution of al Qa'ida and Other Salafi Jihadists |
||
| 260 |
_bRAND Corporation _c2014 |
||
| 650 | _aPolitical Science | ||
| 856 | _uhttp://www.jstor.org/stable/10.7249/j.ctt7zvzgm | ||
| 999 |
_c351654 _d351654 |
||